Places - Real or Fictional? - Statistics

General Stats
  • This quiz has been taken 49,486 times
  • The average score is 12 of 15
Answer Stats
Question Answer % Correct
Machu Picchu Real
97%
Wakanda Fictional
96%
Atlantis Fictional
93%
Valhalla Fictional
91%
Baker Street, London Real
88%
Loch Ness Real
87%
Transylvania Real
86%
Minas Tirith Fictional
83%
The city of Troy Real
80%
Lapland Real
79%
El Dorado Fictional
77%
The Forbidden City Real
75%
Shangri-La Fictional
72%
Mount Zion Real
72%
Sherwood Forest Real
66%
No matching quizzes found
Score Distribution
Percent of People with Each Score
Percentile by Number Answered
Your Score History
You have not taken this quiz